000 00453nam a2200193Ia 4500
003 OSt
005 20240212111332.0
008 210210b1972 xxu||||| |||| 00| 0 eng d
040 _cAL
041 _aEnglish
082 _a823.4 DEFR
100 _aDEFOE (Daniel).
_9150494
245 _aRobinson Crusoe.
260 _aLondon
_bMacmillan & Co. Ltd.
_c1972
300 _a107
690 _aEnglish Fiction
_9150495
906 _a030528
942 _2ddc
_cBK
999 _c81667
_d81667